Venus e Tannhäuser : i piaceri dell'immaginazione.
-д хадгалсан:
| Үндсэн зохиолч: | |
|---|---|
| Формат: | Ном |
| Хэл сонгох: | итали |
| Хэвлэсэн: |
Milano :
?s.n.?,
1967
|
| Цуврал: | I piaceri dell'immaginazione
|
| Шошгууд: |
Шошго байхгүй, Энэхүү баримтыг шошголох эхний хүн болох!
|
MARC
| LEADER | 00000nam a22000001i 4500 | ||
|---|---|---|---|
| 001 | IT\ICCU\SBL\0063993 | ||
| 003 | ItRI | ||
| 005 | 20250721111637.0 | ||
| 008 | 910930s1967 it |||||| ||||| |||||c | ||
| 015 | |2 IT |a 676740 | ||
| 040 | |b ita |c ct | ||
| 041 | 7 | |a ita |2 ISO-639-2 | |
| 082 | |a 823.8 |2 16 | ||
| 100 | 1 | |a Beardsley, Aubrey |0 IT\ICCU\SBLV\121486 |4 aut | |
| 240 | 1 | 0 | |a Under the ill . |9 Beardsley, Aubrey |
| 245 | 1 | 0 | |a Venus e Tannhäuser : |b i piaceri dell'immaginazione. |
| 260 | |a Milano : |b ?s.n.?, |c 1967 |e (Novate Milanese : |f Fotolitostampa) | ||
| 300 | |a 170 p. : |b ill. ; |c 20 cm | ||
| 500 | |a Ed. di 500 esempl. num.. | ||
| 830 | 2 | |a I piaceri dell'immaginazione |0 IT\ICCU\SBL\0418318 | |
| 942 | |2 ddc |c BK | ||
| 952 | |0 0 |1 0 |2 ddc |4 0 |6 B_LNR02BEAAUVEN11 |7 1 |9 4590 |a MI |b MI |d 1987-06-10 |i 189 |l 0 |o B-LNR02-BEAAU-VEN11 |p CDOM189 |r 2025-07-04 21:34:30 |w 2025-07-04 |x ACQUISTO |y BK | ||
| 952 | |0 0 |1 0 |2 ddc |4 0 |6 B_LNR02BEAAUVEN12 |7 0 |9 4591 |a MI |b MI |d 1987-06-22 |i 394 |l 0 |o B-LNR02-BEAAU-VEN12 |p CDOM394 |r 2025-07-04 21:34:30 |w 2025-07-04 |x ACQUISTO |y BK | ||
| 981 | 1 | |6 z01 |a i |b xxxe | |
| 982 | 1 | |6 z01 |a n | |
| 999 | |c 3587 |d 3587 | ||